A "Demographic turnaround: the repid growth of indigenous populations in lowland Latin America"/

Պահպանված է:
Մատենագիտական մանրամասներ
Հիմնական հեղինակ: McSweeney Kendra
Ձևաչափ: Տեքստ
Խորագրեր:
Ցուցիչներ: Ավելացրեք ցուցիչ
Չկան պիտակներ, Եղեք առաջինը, ով նշում է այս գրառումը!

MARC

LEADER 00000 a a2200000 04500
001 9269
003
040
100 |a McSweeney Kendra  
245 |a A "Demographic turnaround:   |b the repid growth of indigenous populations in lowland Latin America"/  |c Kendra McSweeney  
650 |a POBLACION INDIGENA  
650 |a CAMBIO DEMOGRAFICO  
650 |a AUMENTO DE LA FECUNDIDAD  
650 |a SALUD MATERNO INFANTIL  
650 |a POLITICA DE SALUD  
650 |a ZONA TROPICAL  
650 |a AMERICA LATINA  
650 |a TASAS DE NATALIDAD  
650 |a POBLACION INDIGENA  
773 |g volumen 40, número 1; páginas 3-29  
999 |c 24347  |d 24347